Guess the 1970s song lyrics #127 - Statistics

General Stats
  • This quiz has been taken 14 times
  • The average score is 233 of 299
Answer Stats
Answer % Correct
me
100%
Of
100%
of
100%
the
100%
you
100%
your
100%
a
92%
as
92%
be
92%
But
92%
but
92%
can
92%
for
92%
how
92%
How
92%
I
92%
just
92%
Just
92%
love
92%
much
92%
then
92%
Then
92%
and
85%
And
85%
at
85%
don't
85%
feel
85%
from
85%
I've
85%
know
85%
lovin
85%
need
85%
no
85%
on
85%
So
85%
that
85%
That's
85%
that's
85%
think
85%
this
85%
to
85%
we
85%
when
85%
all
77%
baby
77%
been
77%
goin
77%
got
77%
if
77%
If
77%
I'll
77%
in
77%
it
77%
life
77%
like
77%
my
77%
now
77%
say
77%
see
77%
some
77%
something
77%
were
77%
will
77%
you're
77%
away
69%
give
69%
I'm
69%
It's
69%
live
69%
off
69%
oh
69%
Oh
69%
one
69%
only
69%
Take
69%
There's
69%
would
69%
you've
69%
before
62%
gone
62%
had
62%
I'd
62%
we'd
62%
we've
62%
yeah
62%
alone
54%
Cause
54%
face
54%
How's
54%
make
54%
night
54%
still
54%
strong
54%
thinkin
54%
touch
54%
try
54%
Well
54%
well
54%
wife
54%
Years
54%
forgiven
46%
hand
46%
more
46%
Ooh
46%
stay
46%
better
38%
gonna
38%
hold
38%
hurt
38%
late
38%
little
38%
middle
38%
sign
38%
Sometimes
38%
started
38%
whole
38%
amends
31%
business
31%
cry
31%
friends
31%
leavin
31%
parted
31%
recall
31%
untrue
31%
break
23%
dreamin
23%
foolish
23%
realize
23%
seems
23%
sleep
23%
togetherness
15%
both
8%
No matching quizzes found
Score Distribution
Percent of People with Each Score
Percentile by Number Answered
Your Score History
You have not taken this quiz